Вып. 81; Организация и планирование отраслей народного хозяйства

Bibliografische gegevens
Parent link:Организация и планирование отраслей народного хозяйства: республиканский межведомственный научный сборник/ Научно-исследовательский экономический институт , Госплан УССР ;. Вып. 81.— , 1965-1991
Andere auteurs: Емельянов А. С. Александр Сергеевич (редактор)
Samenvatting:Исключено из фонда НТБ ТПУ
Taal:Russisch
Gepubliceerd in: 1985
Formaat: Boek
KOHA link:https://koha.lib.tpu.ru/cgi-bin/koha/opac-detail.pl?biblionumber=277446

MARC

LEADER 00000nam2a2200000 4500
001 277446
005 20231031231452.0
020 |a RU  |b 85-58149ж 
035 |a (RuTPU)RU\TPU\book\300719 
090 |a 277446 
100 |a 20141203d1985 k y0rusy5003 ca 
101 0 |a rus 
102 |a UA 
105 |a y z 001zy 
200 0 |a Вып. 81  |f отв. ред. А. С. Емельянов 
210 |d 1985 
215 |a 137 с. 
333 |a Исключено из фонда НТБ ТПУ 
461 1 |0 (RuTPU)RU\TPU\book\162113  |t Организация и планирование отраслей народного хозяйства  |o республиканский межведомственный научный сборник  |f Научно-исследовательский экономический институт , Госплан УССР ;   |v Вып. 81  |d 1965-1991 
702 1 |a Емельянов  |b А. С.  |g Александр Сергеевич  |4 340 
801 0 |a RU  |b RuMRKP  |c 19950704  |g psbo 
801 1 |a RU  |b 63413507  |c 20141203 
801 2 |a RU  |b 63413507  |c 20220413  |g RCR 
942 |c BK